000 00849nam a2200193 i 4500
001 163932
003 ES-MaACL
005 20250813063334.0
008 991116s1841 sp |||| | spa d
040 _aCCPB | B
_bspa
_cCCPB | B
100 1 _aRomero Larrañaga, Gregorio,
_d1815-1872
_9132031
245 1 0 _aPoesías de Don Gregorio Romero y Larrañaga /
_cpublicadas bajo los auspicios del Liceo Artistico y Literario de Madrid.
260 _aMadrid :
_b[s.n.],
_c1841 (
_fimprenta de Vicente de Lalama)
300 _aXV, 339 p. ;
_c19 cm.
596 _aEn v. de antep. consta: ¨Se venden en Madrid, en el Liceo Artístico y Literario; en la librería de Sanz ... y en el Gabinete Literario ... ¨.
710 0 _aLiceo Artístico y Literario de Madrid.
_95525
852 _aES-MaACL
_jG-9168
_z-- Enc. hol.
999 _c163932
_d163932